000 00654nam a2200181 a 4500
008 090210s2007 ||||||||||||||||| || u
020 _a0415254515
050 _aTE 278 Gri
100 _aGriffiths, Geoffrey
245 1 0 _aConcrete pavement design guidance notes
_cGeoffrey Griffths and Nick Thom
260 _aLondon:
_bTaylor & Francis
_c2007
300 _axxiii, 168p.: ill.
350 _a0.00
650 _aPAVEMENTS, CONCRETE
650 _aCONCRETE
700 _aThom, Nick
995 _D0.00
_FCBU-MAIN LIBRARY (Kitwe)
_H1
_I0.00
_M1
_UAVAILABLE
_WFeb 10, 2009
_ZMain Library Open Access Collection
999 _c38384
_d38384